000 00550nam a2200169 a 4500
001 ASIN0876208421
005 20140515003426.0
008 140514s1974 xxu eng d
020 _a0876208421 (hardcover)
020 _a9780876208427 (hardcover)
100 1 _aSaltz, Daniel.
245 1 2 _aA short calculus :
_ban applied approach /
_cDaniel Saltz.
250 _aRevised.
260 _a[S.l.] :
_bGoodyear Pub. Co,
_c1974.
300 _a433 p. ;
_c24 cm.
856 4 0 _3Amazon.com
_uhttp://www.amazon.com/exec/obidos/ASIN/0876208421/chopaconline-20
999 _c3112
_d3112